000 00379nam a2200169Ia 4500
001 21511
003 IN-NITTTR
005 20251114233244.0
008 251113s9999||||xx |||||||||||||| ||eng||
040 _beng
040 _cIN-NITTTR
041 _aeng
082 _a338.954 R88
100 _aKothari, C. R.
245 0 _aRural development /
_cKothari, C. R.
942 _2ddc
_cBK
999 _c24141
_d24141